| 000 | 00487nam a2200193Ia 4500 | ||
|---|---|---|---|
| 003 | GCL | ||
| 008 | 140319s9999 xx 000 0 eng d | ||
| 040 |
_aGCL / _cGCL |
||
| 082 | 0 | 4 |
_a738.09611 _bL F |
| 100 | 1 | _aLOVICONI, DALILA | |
| 245 | 1 | 0 |
_aFAIENCES DE TUNISIE / _cLOVICONI, DALILA |
| 700 | 1 | _aLONICONI, ALAIN | |
| 260 |
_a[S.N] : _bINSTITUT DU MONDE ARABE ، _c1994 |
||
| 300 | _a142 P | ||
| 650 | 0 | 4 | _aCERAMICS |
| 650 | 0 | 4 | _aPOTTERY |
| 650 | 0 | 4 | _aART, TUNIS |
| 942 |
_2ddc _cBK |
||
| 999 |
_c19284 _d19284 |
||